书目信息 |
| 题名: |
最新大众汽车电路图与维修精要
|
|
| 作者: | 敖克勇 主编 | |
| 分册: | ||
| 出版信息: | 北京 化学工业出版社 2014 |
|
| 页数: | 255页 | |
| 开本: | 29cm | |
| 丛书名: | ||
| 单 册: | ||
| 中图分类: | U463.620.2 , U472.41 | |
| 科图分类: | ||
| 主题词: | 汽车--电气设备--电路图 , 汽车--电气设备--维修 , 汽车 , 电气设备 , 电路图 | |
| 电子资源: | ||
| ISBN: | 978-7-122-21218-4 | |
| 000 | 00970nam0 2200289 450 | |
| 001 | 012015000128 | |
| 005 | 20150911082957.17 | |
| 010 | @a978-7-122-21218-4@dCNY69.00 | |
| 100 | @a20141030d2014 em y0chiy50 ea | |
| 101 | 0 | @achi |
| 102 | @aCN@b110000 | |
| 105 | @aa z 000yy | |
| 106 | @ar | |
| 200 | 1 | @a最新大众汽车电路图与维修精要@Azui xin da zhong qi che dian lu tu yu wei xiu jing yao@f敖克勇主编 |
| 210 | @a北京@c化学工业出版社@d2014 | |
| 215 | @a255页@c图@d29cm | |
| 330 | @a本书精选了2012~2014年款大众车型电路资料,车型包括大众辉腾、尚酷、大众CC、大众高尔夫等。将上述车型的发动机控制电路、自动变速器控制系统、车身控制系统等电路资料汇集成册。 | |
| 606 | 0 | @a汽车@x电气设备@x电路图 |
| 606 | 0 | @a汽车@x电气设备@x维修 |
| 606 | 0 | @a汽车 |
| 606 | 0 | @a电气设备 |
| 606 | 0 | @a电路图 |
| 690 | @aU463.620.2@v5 | |
| 690 | @aU472.41@v5 | |
| 701 | 0 | @a敖克勇@Aao ke yong@4主编 |
| 801 | 0 | @aCN@b碧洲教育@c20150716 |
| 905 | @a10447@f4@dU463.620.2@e248 | |
| 最新大众汽车电路图与维修精要/敖克勇主编.-北京:化学工业出版社,2014 |
| 255页:图;29cm |
| ISBN 978-7-122-21218-4:CNY69.00 |
| 本书精选了2012~2014年款大众车型电路资料,车型包括大众辉腾、尚酷、大众CC、大众高尔夫等。将上述车型的发动机控制电路、自动变速器控制系统、车身控制系统等电路资料汇集成册。 |
| ● |
| 相关链接 |
|
|
|
|
正题名:最新大众汽车电路图与维修精要
索取号:U463.620.2/248
 
预约/预借
| 序号 | 登录号 | 条形码 | 馆藏地/架位号 | 状态 | 备注 |
| 1 | 0870513 | 208705132 | 第二样本阅览室/ [索取号:U463.620.2/248] | 在馆 | |
| 2 | 0870514 | 208705141 | 密集书库-物理学院/ [索取号:U463.620.2/248] | 在馆 | |
| 3 | 0870515 | 208705150 | 第三借阅区/ [索取号:U463.620.2/248] | 在馆 | |
| 4 | 0870516 | 208705169 | 密集书库-物理学院/ [索取号:U463.620.2/248] | 在馆 |